kku e-library facility

Vertebrates: A Laboratory Text (Record no. 174)

MARC details
000 -LEADER
fixed length control field 00502nam a2200145 4500
005 - DATE AND TIME OF LATEST TRANSACTION
control field 20260226105905.0
008 - FIXED-LENGTH DATA ELEMENTS--GENERAL INFORMATION
fixed length control field 260226b |||||||| |||| 00| 0 eng d
020 ## - INTERNATIONAL STANDARD BOOK NUMBER
International Standard Book Number 0865760152
100 ## - MAIN ENTRY--PERSONAL NAME
Personal name Kistler B. Henry, Baker J. Neil, Anderson David, McNabb Bryan Beth Mary, Cooke Marshall Mary, Schafer Nathan.
245 ## - TITLE STATEMENT
Title Vertebrates: A Laboratory Text
Statement of responsibility, etc. /Henry B. Kistler
250 ## - EDITION STATEMENT
Edition statement 2nd Edition
260 ## - PUBLICATION, DISTRIBUTION, ETC.
Place of publication, distribution, etc. California;
Name of publisher, distributor, etc. William Kaufmann,inc;
Date of publication, distribution, etc. 1981
300 ## - PHYSICAL DESCRIPTION
Extent v;259p; ill.
Dimensions 27.7cm.
942 ## - ADDED ENTRY ELEMENTS (KOHA)
Source of classification or shelving scheme Library of Congress Classification
Suppress in OPAC No
Koha item type Books

No items available.

©2025 All rights reserved. KKU